Röszke az élen

Elmentve itt :
Bibliográfiai részletek
Dokumentumtípus: Cikk
Megjelent: 1968-02-18
Sorozat:Délmagyarország 58 No. 41
Kulcsszavak:Határátkelés Röszke 1968, Röszke, 1965
Online Access:http://dmarchiv.bibl.u-szeged.hu/70668
LEADER 00415nab a2200145 i 4500
001 delm70668
005 20180928082404.0
008 180928s1968 hu o 0|| hun d
040 |a SZTE Délmagyarország Archívum  |b hun 
041 |a hun 
245 0 0 |a Röszke az élen  |h [elektronikus dokumentum] 
260 |c 1968-02-18 
300 |a 11 
490 0 |a Délmagyarország  |v 58 No. 41 
695 |a Határátkelés Röszke 1968, Röszke, 1965